000 00336nam a22001457a 4500
003 OSt
005 20160727222405.0
008 160623b xxu||||| |||| 00| 0 eng d
040 _cTEST
100 _9812
_aMclynn, F
245 _aFamous Letters
260 _aNEW YORK
_bREADER'S DIGEST
_c1993
300 _aFamous Letters
942 _2ddc
_cBK
999 _c649
_d649